000
00330nam a2200145Ia 4500
100
_a
Artobolevsky/Ivan I
490
_v
5
942
_c
BK
654
_a
mechanism
245
_a
Mechanism in modern engineering design
260
_b
Mir publishers
_a
Moscow
_c
1980
082
_a
620.00425
_b
ART
300
_a
463
546
_a
ENGLISH
999
_c
25955
_d
25955